Fundamentals of biostatistics (Record no. 1208238)

MARC details
000 -LEADER
fixed length control field 00823nam a2200265Ia 4500
003 - CONTROL NUMBER IDENTIFIER
control field OSt
005 - DATE AND TIME OF LATEST TRANSACTION
control field 20221007120948.0
008 - FIXED-LENGTH DATA ELEMENTS--GENERAL INFORMATION
fixed length control field 221006b |||||||| |||| 00| 0 eng d
020 ## - INTERNATIONAL STANDARD BOOK NUMBER
International Standard Book Number 8180522555 (pbk)
037 ## - SOURCE OF ACQUISITION
Terms of availability Textbook
040 ## - CATALOGING SOURCE
Original cataloging agency BDL
Transcribing agency BDL
Language of cataloging eng
041 ## - LANGUAGE CODE
Source of code eng
Language code of text/sound track or separate title eng
100 ## - MAIN ENTRY--PERSONAL NAME
Personal name Rastogi Veer Bala
9 (RLIN) 435079
245 #0 - TITLE STATEMENT
Title Fundamentals of biostatistics
250 ## - EDITION STATEMENT
Edition statement 2
260 ## - PUBLICATION, DISTRIBUTION, ETC.
Place of publication, distribution, etc. New
Name of publisher, distributor, etc. Delhi Ane Books
Date of publication, distribution, etc. 2009
300 ## - PHYSICAL DESCRIPTION
Extent xiii, 438p.
Dimensions cm.
500 ## - GENERAL NOTE
General note Appendices 395-422p.; Glossary 423-432p.; Index 433-438p.
942 ## - ADDED ENTRY ELEMENTS (KOHA)
Classification part B28ObG, P9 Carb
Koha item type Textbook
Source of classification or shelving scheme Colon Classification (CC)
Holdings
Withdrawn status Lost status Source of classification or shelving scheme Damaged status Not for loan Home library Current library Date acquired Source of acquisition Total Checkouts Full call number Barcode Date last seen Price effective from Koha item type Public note
    Colon Classification (CC)     Department of Botany Library Department of Botany Library 2022-10-07 269, 21/01/2009, Dhanraj Book House   B28ObG P9 Carb BD0005298 2022-10-07 2022-10-07 Textbook {IInd reprint, 2008}
Copyright @ Delhi University Library System